000 00336nam a2200145 i 4500
001 bg
100 1 _aBelousov, Aleksej Petrovic.
245 1 0 _aFotomezonnye processy /
_cA.S. Belousov.
260 _aMoskva,
_c1966.
040 _cBPK
041 _apol
080 _a539.12
942 _cKS
008 s pl f |000 0 pol
999 _c12781
_d12781
856 _uhttp://koha.tu.koszalin.pl/cgi-bin/koha/opac-detail.pl?biblionumber=12781
_yKatalog online BPK